000 00650nam a2200229 a 4500
001 701779
005 20180306031147.0
008 960917s1996 moua b 001 0 eng
010 _a 96195578
020 _a0815164831
040 _aDLC
_cDLC
041 _aeng
080 _a572 mon
082 0 0 _a572 mon
_221
100 _a9
101 _abio
245 0 0 _aBiochemistry :
_cRex Montgomery, ... [et al.].
504 _aIncludes bibliographical references and index.
906 _a7
_bcbc
_corignew
_d2
_encip
_f19
_gy-gencatlg
942 _2ddc
_cBK
999 _c44100
_d44100